El capital : crítica de la economía política : El proceso de producción del capital /

Kaydedildi:
Detaylı Bibliyografya
Yazar: Marx, Karl (autor)
Diğer Yazarlar: Engels, Friedrich (prólogo) (prólogo), Scaron, Pedro (edición y traducción) (edición y traducción)
Materyal Türü: Kitap
Dil:İspanyolca
Baskı/Yayın Bilgisi: México : Siglo XXI, 1975, c1975
Edisyon:3a edición
Seri Bilgileri:(Biblioteca del Pensamiento Socialista)
Konular:
Etiketler: Etiketle
Etiket eklenmemiş, İlk siz ekleyin!

MARC

LEADER 00000nam^a2200000^a^4500
001 000183697
005 20250521000000.0
009 20260310102051.259
037 |a Acervo ITESO - Biblioteca 
041 |a ESP 
082 |a 330. 159  |b MAR V. 1 
100 |a Marx, Karl  |e (autor) 
240 1 4 |a [El capital] 
245 1 3 |a El capital :  |b crítica de la economía política :  |n El proceso de producción del capital /  |c C. Marx ; pról. F. Engels ; ed. y tr. de P. Scaron. 
250 |a 3a edición 
264 4 |a México :  |b Siglo XXI,  |c 1975, c1975 
300 |a 3 v. (XLI, 1163 p.) 
336 |a texto  |b txt  |2 rdacontenido 
337 |a sin mediación  |b n  |2 rdamedio 
338 |a volumen  |b nc  |2 rdasoporte 
440 1 |a (Biblioteca del Pensamiento Socialista) 
649 |a XX 
650 |a Capital 
650 |a Mercancía 
650 |a Dinero 
650 |a Utilidad (Economía) 
650 |a Plusvalía 
650 |a Sueldos y Salarios 
650 |a División del Trabajo 
650 |a Jornada Laboral 
650 |a Producción Económica 
650 |a Economía Política -  |x Tema Principal 
650 |a Marxismo 
650 |a Filosofía del Siglo XX 
650 |a Economía 
700 |a Engels, Friedrich  |e (prólogo) 
700 |a Scaron, Pedro  |e (edición y traducción) 
910 |a Fondo Armando Suárez Gómez 
920 |a Impresos - Libros 
930 |a Fondos Especiales 
905 |a 111 
901 |a 0700001019  |b IT2  |c ESP  |u 20250521 
901 |a 0700001018  |b IT2  |c ESP  |u 20250521 
901 |a 0700001158  |b IT2  |c ESP  |u 20250521 
902 |a https://opac.biblio.iteso.mx/vufind/Record/000183697